000
00321nam a2200121Ia 4500
008
220204s9999 xx 000 0 und d
082
_a
631.431
_b
MCC
100
_a
Mccarthy, David F
245
0
_a
Essentials of soil mechanics and foundations
260
_a
Virginia
_b
Reston
_c
1977
650
_a
Soil mechanics
942
_c
BK
999
_c
25782
_d
25782